| 000 | 00612cam a2200217 4500 | ||
|---|---|---|---|
| 001 | J103267 | ||
| 008 | 000000n1999 000 0 eng u | ||
| 035 | _a(Sirsi) u103267 | ||
| 041 | _aeng | ||
| 050 | _a336.39 | ||
| 110 |
_aTreasury Taskforce _93565 |
||
| 245 | _aHow to construct a public sector comparator. Private finance technical note 5. | ||
| 260 |
_aLondon _bHM Treasury _c1999 |
||
| 300 | _a95p. ; 30cm. | ||
| 650 | _aPFI | ||
| 650 | _aPRIVATE FINANCE INITIATIVE | ||
| 650 | _aPSC | ||
| 650 | _aPUBLIC SECTOR COMPARATORS | ||
| 690 | _aPROPERTY-PROPERTY FINANCE AND INVESTMENT | ||
| 942 | _n0 | ||
| 999 |
_c100113 _d100113 |
||